| 000 | 00796cam a22002291 4500 | ||
|---|---|---|---|
| 001 | ne 66000604 | ||
| 003 | DLC | ||
| 005 | 20260227111821.0 | ||
| 008 | 750415s1963 xx 000 0 eng | ||
| 010 | _ane 66000604 | ||
| 035 | _a(OCoLC)1279624 | ||
| 040 |
_aDLC _cMBU _dDLC |
||
| 042 | _apremarc | ||
| 050 | 0 | 0 |
_aHD5839 _b.A45 |
| 110 | 2 | _aMaʻhad al-Takhṭīṭ al-Qawmī (Egypt) | |
| 245 | 1 | 0 | _aResearch project on employment and unemployment among the educated. |
| 260 |
_a[Cairo, _bNational Publication House Press, _c1963] |
||
| 300 |
_a140 p. _c25 cm. |
||
| 500 | _aIssued originally, with subtitle Final report, as part of a series of reports in mimeographed form under the same title. | ||
| 650 | 0 |
_aUnemployed _zEgypt. |
|
| 740 | 0 | _aEmployment and unemployment among the educated. | |
| 999 |
_c48759 _d48759 |
||